[Event "Tradewise Gibraltar"]
[Site "Caleta ENG"]
[Date "2015.02.05"]
[EventDate "2015.01.27"]
[Round "10.76"]
[Result "0-1"]
[White "Brian Wr Hewson"]
[Black "David J Spence"]
[WhiteElo "2084"]
[BlackElo "2231"]
[PlyCount "174"]

1. d4 e6 2. g3 Nf6 3. Bg2 d5 4. Nd2 c5 5. e3 cxd4 6. exd4 Nc6 7. c3 Be7 8. Ngf3
O-O 9. O-O Rb8 10. Re1 Nd7 11. Nf1 b5 12. Bf4 Ra8 13. h4 a5 14. Ne3 Ba6 15. Ne5
Ncxe5 16. dxe5 Rc8 17. a3 Qb6 18. Bf1 Nc5 19. Qd4 Qc6 20. Qd1 b4 21. axb4 Bxf1
22. bxc5 Ba6 23. Qa4 Bb5 24. Qxa5 Bxc5 25. Qa2 Ra8 26. Qb1 Rxa1 27. Qxa1 d4 28.
cxd4 Bxd4 29. Qc1 Qb7 30. Qd2 Ba7 31. Nf1 Bc5 32. Be3 Be7 33. Bg5 Rd8 34. Qc3
Rc8 35. Qb3 Bf8 36. Bf4 Qa6 37. Be3 Bc6 38. Bd4 Qa8 39. Ne3 Rd8 40. Qc3 Qa4 41.
Rc1 Ba8 42. Nc2 Qa6 43. Ne1 Qb7 44. f3 Bb4 45. Qe3 h5 46. Bc3 Bf8 47. Kg2 Qb5
48. Qf2 g6 49. Qf1 Qb6 50. Qe2 Bc6 51. Rd1 Rb8 52. Qc2 Bd5 53. Bd4 Qb7 54. Ra1
Rc8 55. Qf2 Qb3 56. Bc3 Bc5 57. Qd2 Rd8 58. Qc2 Qb5 59. Ra5 Qb6 60. Ra1 Rb8 61.
Qe2 Bb4 62. Rc1 Bf8 63. Ra1 Qc7 64. Nc2 Bc4 65. Qe4 Bd5 66. Qe2 Bc5 67. Ne3 Bc6
68. Nc2 Qb7 69. Nd4 Bd5 70. Nc2 Rd8 71. Ne3 Bc6 72. Rd1 Ra8 73. Rc1 Rb8 74. Nc2
Rd8 75. Rd1 Bxf3+ 76. Qxf3 Qxf3+ 77. Kxf3 Rxd1 78. Ne1 Kf8 79. Ke2 Rd7 80. Nd3
Ba7 81. Nf2 Bd4 82. Bb4+ Ke8 83. Nd3 Rb7 84. Bc3 Bxc3 85. bxc3 Rb1 86. Nf2 Ke7
87. Ne4 Rb5 0-1

[Event "Tradewise Gibraltar"]
[Site "Caleta ENG"]
[Date "2015.02.05"]
[EventDate "2015.01.27"]
[Round "10.77"]
[Result "0-1"]
[White "Suez-Panama, Gilles"]
[Black "Barrenechea Bahamonde, Gustavo"]
[WhiteElo "2030"]
[BlackElo "2223"]
[PlyCount "104"]

1. d4 d5 2. Nf3 c5 3. c4 e6 4. cxd5 exd5 5. Nc3 Nc6 6. g3 Nf6 7. Bg2 Be7 8. O-O
O-O 9. a3 c4 10. Bg5 Be6 11. h3 h6 12. Bxf6 Bxf6 13. e3 Rc8 14. Kh2 a6 15. Ng1
g6 16. Qf3 Bg7 17. Nxd5 Re8 18. Ne2 Na5 19. Nef4 Bf5 20. Nh5 Nb3 21. Rad1 Rc6
22. Qf4 Bh8 23. Nb4 Rd6 24. g4 Bc8 25. Ng3 a5 26. Na2 Bg7 27. Nc3 b5 28. Nge4
Rb6 29. Kg1 Bb7 30. d5 Ba6 31. g5 hxg5 32. Nxg5 Rf6 33. Qh4 Rf5 34. Qh7+ Kf8 35.
h4 Nc5 36. Bh3 Rxg5+ 37. hxg5 b4 38. axb4 axb4 39. Ne2 Qxg5+ 40. Bg2 Bxb2 41.
Nd4 Qh5 42. Qxh5 gxh5 43. d6 b3 44. Bh3 Bb7 45. f3 Rd8 46. d7 c3 47. Rb1 Bd5 48.
e4 Be6 49. Bxe6 fxe6 50. Rf2 Rxd7 51. Rfxb2 Rxd4 52. Rg2 c2 0-1

[Event "Tradewise Gibraltar"]
[Site "Caleta ENG"]
[Date "2015.02.05"]
[EventDate "2015.01.27"]
[Round "10.78"]
[Result "1-0"]
[White "Terron Elena, Francisco M"]
[Black "Uwe Mehlhorn"]
[WhiteElo "2218"]
[BlackElo "2121"]
[PlyCount "100"]

1. d4 d6 2. Nf3 g6 3. c4 Bg7 4. g3 Nd7 5. Bg2 e5 6. O-O Ne7 7. Nc3 O-O 8. e4
exd4 9. Nxd4 Ne5 10. b3 N7c6 11. Nce2 Nxd4 12. Nxd4 Nc6 13. Nxc6 bxc6 14. Rb1
Rb8 15. Bf4 Be6 16. Qd2 c5 17. Rfe1 Bd4 18. Bg5 Qd7 19. Be3 Bxe3 20. Rxe3 Bxc4
21. e5 Be6 22. Rd1 Rfd8 23. Qa5 d5 24. Qxc5 c6 25. Rc3 Rb6 26. Qd4 Qb7 27. Qh4
Re8 28. Rdc1 Rb4 29. Qg5 Rc8 30. Bf3 Qd7 31. h4 Rb6 32. h5 Qe8 33. Kg2 Qf8 34.
Qe3 Qd8 35. Qd4 Qg5 36. hxg6 fxg6 37. a4 Qe7 38. Rc5 Qd7 39. b4 Rbb8 40. Be2 Qb7
41. Bg4 Bxg4 42. Qxg4 Qe7 43. Rxd5 Rf8 44. Rd7 Qxb4 45. Qxb4 Rxb4 46. Rxc6 Rxa4
47. Rcc7 Re8 48. Rg7+ Kh8 49. Rxh7+ Kg8 50. f4 1-0

[Event "Tradewise Gibraltar"]
[Site "Caleta ENG"]
[Date "2015.02.05"]
[EventDate "2015.01.27"]
[Round "10.79"]
[Result "0-1"]
[White "Kjell Hakon Lien"]
[Black "Perez Garcia, Alejandro"]
[WhiteElo "2020"]
[BlackElo "2207"]
[PlyCount "66"]

1. e4 d6 2. d4 Nf6 3. Nc3 e5 4. Nf3 Nbd7 5. Bc4 Be7 6. O-O O-O 7. Re1 c6 8. a4
b6 9. d5 cxd5 10. Nxd5 Bb7 11. b3 Rc8 12. Ra2 Nc5 13. Nxf6+ Bxf6 14. Bd5 Qd7 15.
Ba3 Bxd5 16. Qxd5 Rfd8 17. Nd2 Ne6 18. Nc4 Be7 19. Rd1 Nf4 20. Qd2 Bg5 21. Ne3
Qc6 22. f3 d5 23. Nxd5 Qg6 24. Qe1 Nxg2 25. Kxg2 Rxd5 26. Rxd5 Bh4+ 27. Qg3 Bxg3
28. hxg3 f5 29. Rxe5 f4 30. g4 Qf6 31. Rf5 Qc3 32. Rxf4 Qd2+ 33. Kg3 Qe1+ 0-1

[Event "Tradewise Gibraltar"]
[Site "Caleta ENG"]
[Date "2015.02.05"]
[EventDate "2015.01.27"]
[Round "10.80"]
[Result "1/2-1/2"]
[White "Hendrik Hoffmann"]
[Black "Roman Freuler"]
[WhiteElo "2206"]
[BlackElo "2071"]
[PlyCount "70"]

1. e4 c5 2. c3 Nf6 3. e5 Nd5 4. d4 cxd4 5. Nf3 Nc6 6. Bc4 e6 7. cxd4 d6 8. O-O
Be7 9. a3 O-O 10. Qe2 Qb6 11. Rd1 Na5 12. Nc3 Nxc3 13. bxc3 Nxc4 14. Qxc4 Bd7
15. Bg5 Bxg5 16. Nxg5 h6 17. Nf3 Qb5 18. Qxb5 Bxb5 19. Rdb1 Bc6 20. exd6 Rfd8
21. Ne5 Rxd6 22. Nxc6 Rxc6 23. Rxb7 Rxc3 24. g3 Rc4 25. Rd7 Rb8 26. Rxa7 Rb2 27.
d5 Rcc2 28. dxe6 Rxf2 29. exf7+ Kf8 30. Ra8+ Kxf7 31. Rf1 Rxf1+ 32. Kxf1 Rxh2
33. a4 Ra2 34. Ra6 h5 35. Kg1 1/2-1/2

[Event "Tradewise Gibraltar"]
[Site "Caleta ENG"]
[Date "2015.02.05"]
[EventDate "2015.01.27"]
[Round "10.81"]
[Result "0-1"]
[White "Mitchell R Burke"]
[Black "Tobias Hellwig"]
[WhiteElo "1928"]
[BlackElo "2172"]
[PlyCount "136"]

1. e4 Nf6 2. Nc3 e5 3. f4 d5 4. fxe5 Nxe4 5. Nf3 Bc5 6. d4 Bb4 7. Bd2 Nc6 8. Bb5
Bg4 9. O-O Nxd2 10. Qxd2 O-O 11. Qf4 Bh5 12. Bd3 Be7 13. a3 f6 14. Qf5 Bg6 15.
Qe6+ Bf7 16. Qh3 g6 17. Kh1 fxe5 18. Nxe5 Nxe5 19. dxe5 Qc8 20. Qg3 c5 21. Be2
Qc6 22. Rad1 Rad8 23. Bf3 Be6 24. Rfe1 Kg7 25. Ne2 Qa4 26. b3 Qh4 27. Nc3 Qxg3
28. hxg3 d4 29. Nb5 a6 30. Nc7 Bf5 31. g4 Bc8 32. Bd5 Bxg4 33. Ne6+ Bxe6 34.
Bxe6 Rf2 35. Rf1 Rdf8 36. Kg1 Rxc2 37. Rxf8 Kxf8 38. Rf1+ Ke8 39. Bd5 Re2 40.
Bxb7 a5 41. Bd5 Rxe5 42. Bc4 Re3 43. Rf3 Rxf3 44. gxf3 Bd6 45. Kf2 Ke7 46. Bg8
h5 47. Bc4 Kf6 48. Bd3 Kg5 49. a4 h4 50. Bf1 Kf4 51. Bh3 Be5 52. Bf1 Bf6 53. Bh3
d3 54. Bf1 Bd4+ 55. Ke1 Ke3 56. f4 Bc3+ 57. Kd1 Bb4 58. f5 gxf5 59. Bh3 f4 60.
Bf5 f3 61. Be6 f2 62. Bh3 Kd4 63. Bg2 Kc3 64. Bf1 Kxb3 65. Bxd3 c4 66. Bf1 c3
67. Bd3 h3 68. Bc2+ Kb2 0-1

[Event "Tradewise Gibraltar"]
[Site "Caleta ENG"]
[Date "2015.02.05"]
[EventDate "2015.01.27"]
[Round "10.82"]
[Result "1/2-1/2"]
[White "Stephan Heer"]
[Black "Medhi Fomani"]
[WhiteElo "2157"]
[BlackElo "2033"]
[PlyCount "62"]

1. Nf3 c6 2. g3 Nf6 3. Bg2 d5 4. O-O g6 5. d3 Bg7 6. Nbd2 Nbd7 7. e4 e5 8. exd5
cxd5 9. Re1 Qc7 10. c4 O-O 11. Rb1 a5 12. b3 Re8 13. Bb2 d4 14. a3 Nc5 15. Qc2
Bf5 16. Bf1 h6 17. b4 axb4 18. axb4 Na4 19. Qb3 Nxb2 20. Rxb2 Nd7 21. c5 Be6 22.
Qc2 Ra3 23. Ne4 Rea8 24. Nfd2 Ra1 25. Reb1 Rxb1 26. Qxb1 Bf8 27. Nc4 Bxc4 28.
dxc4 f5 29. Nd2 e4 30. Bg2 Bg7 31. Bf1 1/2-1/2

[Event "Tradewise Gibraltar"]
[Site "Caleta ENG"]
[Date "2015.02.05"]
[EventDate "2015.01.27"]
[Round "10.83"]
[Result "1/2-1/2"]
[White "Edit Machlik"]
[Black "Martin Krockenberger"]
[WhiteElo "1913"]
[BlackElo "2152"]
[PlyCount "76"]

1. d4 e6 2. c4 f5 3. Nc3 Nf6 4. Nf3 Bb4 5. Qb3 c5 6. dxc5 Na6 7. a3 Bxc3+ 8.
Qxc3 Nxc5 9. Bf4 O-O 10. e3 b6 11. Be2 Bb7 12. O-O Qe7 13. Rad1 d5 14. Be5 Nce4
15. Qb3 Rac8 16. Rd4 Ba6 17. Qa4 Qb7 18. Qb4 Bxc4 19. Bxc4 dxc4 20. Rxc4 Nd5 21.
Qb3 Rxc4 22. Qxc4 Rc8 23. Qd3 h6 24. Nd4 Qe7 25. Nxf5 exf5 26. Qxd5+ Kh8 27. Bd4
Qg5 28. Bc3 Nxc3 29. bxc3 Qf6 30. c4 Kh7 31. e4 Rc5 32. Qd3 Qe6 33. exf5 Qxf5
34. Qxf5+ Rxf5 35. Rc1 Rc5 36. a4 Ra5 37. Ra1 Rc5 38. Rc1 1/2-1/2

[Event "Tradewise Gibraltar"]
[Site "Caleta ENG"]
[Date "2015.02.05"]
[Round "10.84"]
[White "Claus Seyfried"]
[Black "Jens Henrichsen"]
[Result "1-0"]
[WhiteElo "2147"]
[BlackElo "2030"]
[Annotator "Wall,Bill"]
[PlyCount "39"]
[EventDate "2015.01.27"]

1. e4 c5 2. c3 Qa5 3. Nf3 Nc6 4. Bc4 e6 5. O-O Nf6 6. Re1 d6 7. d4 cxd4 8. cxd4
Nxe4 (8... Be7) 9. d5 exd5 10. Bxd5 f5 11. Ng5 Ne5 12. Nxe4 fxe4 13. Nc3 Bg4
14. Qb3 Qb6 15. Qa4+ Bd7 16. Qxe4 O-O-O 17. Be3 Qa6 18. b4 Bc6 $2 (18... Kb8)
19. b5 Bxd5 20. Qf5+ 1-0

[Event "Tradewise Gibraltar"]
[Site "Caleta ENG"]
[Date "2015.02.05"]
[EventDate "2015.01.27"]
[Round "10.85"]
[Result "1-0"]
[White "Victor Havik"]
[Black "Henrik Oie Lobersli"]
[WhiteElo "2137"]
[BlackElo "1957"]
[PlyCount "80"]

1. d4 d5 2. c4 e6 3. cxd5 exd5 4. Nc3 Nf6 5. Bg5 Bb4 6. e3 Nbd7 7. Qa4 Bxc3+ 8.
bxc3 O-O 9. Bd3 c5 10. Nf3 c4 11. Bc2 Re8 12. Rb1 h6 13. Bh4 g5 14. Bg3 Nb6 15.
Qa3 Ne4 16. Bxe4 dxe4 17. Nd2 Be6 18. h4 f6 19. hxg5 hxg5 20. Rb5 Bd5 21. Rc5
Rc8 22. Ra5 a6 23. Qb4 Re6 24. Qb1 Qd7 25. Qd1 Re7 26. Rh6 Rc6 27. Qh5 Rh7 28.
Rxh7 Qxh7 29. Qe8+ Kg7 30. Rxd5 Qh1+ 31. Ke2 Nxd5 32. Qd7+ Kh6 33. Qxd5 Qxg2 34.
Qxe4 Qg1 35. Qe7 Rb6 36. Qd8 Rb2 37. Qxf6+ Kh7 38. Qf7+ Kh6 39. Qe6+ Kh7 40.
Qxc4 1-0

[Event "Tradewise Gibraltar"]
[Site "Caleta ENG"]
[Date "2015.02.05"]
[EventDate "2015.01.27"]
[Round "10.86"]
[Result "1/2-1/2"]
[White "Martin Daneri"]
[Black "Monika Machlik"]
[WhiteElo "2123"]
[BlackElo "2015"]
[PlyCount "52"]

1. b3 e5 2. Bb2 Nc6 3. e3 Nf6 4. Bb5 Bd6 5. Bxc6 dxc6 6. d3 O-O 7. Nd2 Re8 8.
Ngf3 c5 9. O-O b6 10. h3 Bb7 11. e4 Nd7 12. Nc4 f6 13. Nh4 Nf8 14. Nf5 Ne6 15.
Nce3 Qd7 16. Qg4 Rad8 17. Kh2 Kh8 18. Rae1 Bc8 19. Qh4 Rf8 20. Bc1 Qf7 21. Kh1
Bb7 22. Bd2 Bc6 23. Qg4 Bd7 24. Qh4 Bc6 25. Qg4 Bd7 26. Qh4 Bc6 1/2-1/2

[Event "Tradewise Gibraltar"]
[Site "Caleta ENG"]
[Date "2015.02.05"]
[EventDate "2015.01.27"]
[Round "10.87"]
[Result "0-1"]
[White "Yongjoo Kim"]
[Black "Gerben Veltkamp"]
[WhiteElo "1903"]
[BlackElo "2175"]
[PlyCount "68"]

1. d4 Nf6 2. c4 c5 3. d5 b5 4. Nd2 Bb7 5. e4 bxc4 6. Bxc4 e6 7. Ne2 exd5 8. exd5
Bxd5 9. Bxd5 Nxd5 10. Nc4 Nb6 11. Nd6+ Bxd6 12. Qxd6 Qe7 13. Bf4 Na6 14. O-O
Qxd6 15. Bxd6 Nc4 16. Bxc5 Nxc5 17. Rfc1 d5 18. b3 Nd3 19. Rc3 Ncb2 20. Nc1 Nxf2
21. Rf3 Ne4 22. Ne2 Rc8 23. Nd4 O-O 24. Rb1 Nd2 25. Rxb2 Nxf3+ 26. Nxf3 Rc1+ 27.
Kf2 Rfc8 28. Nd4 Rd1 29. Nf5 Re8 30. Rc2 g6 31. Nd6 Re6 32. Nb5 d4 33. Nxa7 d3
34. Rb2 Rc1 0-1

[Event "Tradewise Gibraltar"]
[Site "Caleta ENG"]
[Date "2015.02.05"]
[EventDate "2015.01.27"]
[Round "10.89"]
[Result "1-0"]
[White "Michael Tscharotschkin"]
[Black "David Jameson"]
[WhiteElo "2144"]
[BlackElo "2068"]
[PlyCount "48"]

1. d4 d5 2. c4 c6 3. cxd5 cxd5 4. Nf3 Nc6 5. Nc3 Nf6 6. Bf4 Qb6 7. Na4 Qb4+ 8.
Bd2 Qd6 9. e3 Ne4 10. Rc1 Bg4 11. Nc5 Nxc5 12. Rxc5 Qd7 13. Bb5 Rc8 14. Ne5 Bxd1
15. Nxd7 Kxd7 16. Rxd5+ Kc7 17. Kxd1 e6 18. Rh5 Nb4 19. a3 Nd5 20. Rh3 Kb6 21.
Ba4 Nf6 22. Bc2 Be7 23. e4 Rhd8 24. Rb3+ Kc6 1-0

[Event "Tradewise Gibraltar"]
[Site "Caleta ENG"]
[Date "2015.02.05"]
[EventDate "2015.01.27"]
[Round "10.90"]
[Result "1/2-1/2"]
[White "Bernd Skutta"]
[Black "Andy Baert"]
[WhiteElo "2059"]
[BlackElo "2114"]
[PlyCount "64"]

1. d4 Nf6 2. Nf3 b6 3. c4 e6 4. g3 Bb7 5. Bg2 c5 6. d5 exd5 7. Nh4 g6 8. cxd5
Bg7 9. Nc3 O-O 10. O-O d6 11. e4 Qd7 12. f4 Ng4 13. e5 dxe5 14. h3 Nf6 15. fxe5
Ne8 16. Bf4 Nc7 17. Qd2 Nba6 18. Rad1 Rad8 19. a3 Rfe8 20. Rfe1 Nb5 21. Nxb5
Qxb5 22. d6 Bxg2 23. Qxg2 c4 24. Nf3 Nc5 25. Nd4 Qd7 26. Nc6 Nd3 27. Nxd8 Nxe1
28. Rxe1 Rxd8 29. Qd5 Qxh3 30. e6 fxe6 31. Rxe6 Bd4+ 32. Be3 1/2-1/2

[Event "Tradewise Gibraltar"]
[Site "Caleta ENG"]
[Date "2015.02.05"]
[EventDate "2015.01.27"]
[Round "10.91"]
[Result "1/2-1/2"]
[White "Martina Mareckova"]
[Black "Rotimi Dasaolu"]
[WhiteElo "2102"]
[BlackElo "2053"]
[PlyCount "126"]

1. e4 d5 2. exd5 Qxd5 3. Nc3 Qd6 4. d4 c6 5. Nf3 Bg4 6. Be2 Nf6 7. h3 Bh5 8. Ne5
Bxe2 9. Nxe2 Nbd7 10. Nxd7 Qxd7 11. O-O e6 12. Bf4 Be7 13. c3 O-O 14. Qc2 Rfd8
15. Rad1 b5 16. a3 Qd5 17. Be5 c5 18. Bxf6 Bxf6 19. dxc5 Qxc5 20. Ng3 Be7 21.
Rxd8+ Rxd8 22. Rd1 Rd5 23. Rxd5 Qxd5 24. Qe4 Bg5 25. Qxd5 exd5 26. Ne2 Bd2 27.
Nd4 a6 28. Nb3 Bg5 29. Kf1 Kf8 30. Ke2 Ke7 31. Kd3 Kd6 32. Nd4 g6 33. Nf3 Bf4
34. Nd4 Bh6 35. Nf3 Bf4 36. Nd4 h5 37. Ne2 Bh6 38. Nd4 Bg7 39. Nc2 Kc5 40. Nd4
Kd6 41. Nc2 Bf6 42. Nd4 Bd8 43. Nf3 Bb6 44. Nd4 Ke5 45. Nc6+ Kf4 46. Ke2 a5 47.
g3+ Kf5 48. Kf3 Ke6 49. Nd4+ Bxd4 50. cxd4 a4 51. Ke3 Kf5 52. Kf3 f6 53. Ke3 g5
54. f3 Ke6 55. Kd3 Kd6 56. Kc3 Kc7 57. b3 axb3 58. Kxb3 Kb7 59. g4 hxg4 60. hxg4
Ka7 61. Kb4 Kb6 62. a4 bxa4 63. Kxa4 Ka6 1/2-1/2

[Event "Tradewise Gibraltar"]
[Site "Caleta ENG"]
[Date "2015.02.05"]
[EventDate "2015.01.27"]
[Round "10.93"]
[Result "1/2-1/2"]
[White "Stephen A J Whatley"]
[Black "Frank Amos"]
[WhiteElo "1949"]
[BlackElo "2097"]
[PlyCount "84"]

1. e4 g6 2. d4 Bg7 3. Nf3 d6 4. Bg5 Bg4 5. Be2 Nc6 6. c3 h6 7. Bh4 g5 8. Bg3 Nf6
9. Nbd2 Nh5 10. Qb3 Qc8 11. h3 Nxg3 12. fxg3 Bd7 13. g4 e5 14. O-O O-O 15. d5
Ne7 16. Nc4 Ng6 17. g3 Bxg4 18. hxg4 Qxg4 19. Qc2 Qxg3+ 20. Kh1 b5 21. Na5 Nf4
22. Rg1 Qf2 23. Bd1 Qe3 24. Nc6 Rae8 25. Re1 Qd3 26. Nb4 Qxc2 27. Bxc2 Bf6 28.
Rg1 Kh7 29. Nd3 Ng6 30. Nf2 Rb8 31. b4 Nf4 32. Rae1 Rfc8 33. Nd3 Ng6 34. Bb3 Be7
35. Rc1 Rf8 36. c4 bxc4 37. Rxc4 Bd8 38. Bc2 f6 39. Nd2 Ne7 40. Nf1 f5 41. exf5
Nxd5 42. a3 Kh8 1/2-1/2

[Event "Tradewise Gibraltar"]
[Site "Caleta ENG"]
[Date "2015.02.05"]
[EventDate "2015.01.27"]
[Round "10.94"]
[Result "1-0"]
[White "Alistair Compton"]
[Black "Lolomari Erekosima George"]
[WhiteElo "2071"]
[BlackElo "1857"]
[PlyCount "110"]

1. e4 c6 2. d4 d5 3. e5 Bf5 4. Bd3 Bxd3 5. Qxd3 e6 6. Ne2 Qb6 7. Nbc3 Qa6 8. Qh3
Nd7 9. O-O Ne7 10. a4 Qb6 11. a5 Qc7 12. Bd2 h5 13. b4 g6 14. b5 c5 15. b6 Qc6
16. dxc5 Nxe5 17. Be3 a6 18. Bd4 f6 19. Na4 Nf5 20. Qc3 Bg7 21. Rfe1 Kf7 22. f4
Nd7 23. Bf2 e5 24. Qb4 Rhd8 25. Rad1 Nf8 26. Qb3 Rd7 27. Nec3 Rad8 28. Na2 Ne6
29. Nb4 Qb5 30. Nc3 Qc4 31. Rxd5 Qxb3 32. Rxd7+ Rxd7 33. cxb3 Nfd4 34. c6 Nxc6
35. Nxc6 bxc6 36. fxe5 fxe5 37. Ne4 Bf8 38. Rc1 Bb4 39. Be1 Nd4 40. Bxb4 Ne2+
41. Kf1 Nxc1 42. b7 Rxb7 43. Nd6+ Ke6 44. Nxb7 Nxb3 45. Nc5+ Nxc5 46. Bxc5 Kd5
47. Be3 c5 48. Ke2 Kc4 49. Kd1 Kb4 50. Kc2 Kxa5 51. Bxc5 Kb5 52. Bd6 e4 53. Kc3
Kc6 54. Bb4 Kd5 55. Ba5 Ke5 1-0

[Event "Tradewise Gibraltar"]
[Site "Caleta ENG"]
[Date "2015.02.05"]
[EventDate "2015.01.27"]
[Round "10.95"]
[Result "1/2-1/2"]
[White "Szilvia Lochte"]
[Black "Klara Varga"]
[WhiteElo "1934"]
[BlackElo "2145"]
[PlyCount "104"]

1. d4 e6 2. c4 Nf6 3. Nc3 Bb4 4. Qc2 d5 5. a3 Bxc3+ 6. Qxc3 Ne4 7. Qc2 c5 8.
dxc5 Na6 9. Nf3 Qa5+ 10. Bd2 Qxc5 11. e3 Nxd2 12. Nxd2 dxc4 13. Qxc4 O-O 14.
Qxc5 Nxc5 15. b4 Na4 16. Be2 Rd8 17. Bf3 a5 18. Nc4 axb4 19. axb4 Rb8 20. O-O
Bd7 21. Na5 b5 22. Nc6 Bxc6 23. Bxc6 Nc3 24. g3 Rbc8 25. Bf3 e5 26. Rfc1 e4 27.
Bg4 f5 28. Bd1 Nxd1 29. Rxc8 Rxc8 30. Rxd1 Rc4 31. Rd5 Rxb4 32. Rxf5 g6 33. Re5
Kf7 34. Kf1 Kf6 35. Re8 Rc4 36. Ke1 b4 37. Kd1 b3 38. Rb8 Rc2 39. h3 h5 40. Rxb3
Rxf2 41. Rb6+ Kg5 42. Rb5+ Kh6 43. Re5 Rf3 44. Rxe4 Rxg3 45. h4 Rg4 46. Rf4 Rxf4
47. exf4 Kg7 48. Ke2 Kf7 49. Ke3 Kf6 50. Ke4 Ke6 51. Ke3 Kf5 52. Kf3 1/2-1/2

[Event "Tradewise Gibraltar"]
[Site "Caleta ENG"]
[Date "2015.02.05"]
[EventDate "2015.01.27"]
[Round "10.96"]
[Result "1/2-1/2"]
[White "Martin P Burrows"]
[Black "Michael Klyszcz"]
[WhiteElo "2136"]
[BlackElo "1975"]
[PlyCount "94"]

1. e4 d5 2. exd5 Qxd5 3. Nc3 Qa5 4. d4 Nf6 5. Nf3 Bf5 6. Bc4 e6 7. Bd2 c6 8. Qe2
Bb4 9. a3 Nbd7 10. O-O-O Bxc3 11. Bxc3 Qc7 12. Ne5 Nd5 13. Bd2 Nxe5 14. dxe5 h6
15. h4 O-O-O 16. Kb1 Kb8 17. h5 Qb6 18. g4 Bh7 19. Rh3 Rd7 20. Bd3 Bxd3 21. Rxd3
Rhd8 22. c4 Ne7 23. Bb4 Rxd3 24. Rxd3 Nc8 25. Rxd8 Qxd8 26. Qd2 Qxd2 27. Bxd2
Nb6 28. b3 Nd7 29. f4 f6 30. exf6 Nxf6 31. Bc3 Nxg4 32. Bxg7 Kc7 33. Kc1 Kd6 34.
Kd2 Ke7 35. Kd3 Kf7 36. Bd4 b6 37. b4 Nf6 38. b5 cxb5 39. cxb5 Nxh5 40. Be5 Ke7
41. Bb8 Kd7 42. a4 Nf6 43. Kd4 Ng4 44. Ke4 Nf6+ 45. Ke5 Ng4+ 46. Ke4 Nf6+ 47.
Ke5 Ng4+ 1/2-1/2

[Event "Tradewise Gibraltar"]
[Site "Caleta ENG"]
[Date "2015.02.05"]
[EventDate "2015.01.27"]
[Round "10.97"]
[Result "0-1"]
[White "Kenneth Odeh"]
[Black "Detlev Kuhne"]
[WhiteElo "1982"]
[BlackElo "2131"]
[PlyCount "96"]

1. e4 c5 2. Nc3 d6 3. g3 g6 4. Bg2 Bg7 5. d3 Nc6 6. Be3 a6 7. Qd2 Rb8 8. Nge2 e6
9. d4 cxd4 10. Nxd4 Ne5 11. Qe2 Qc7 12. O-O Ne7 13. f4 N5c6 14. f5 Nxd4 15. Qf2
Ndxf5 16. exf5 Nxf5 17. Bb6 Qxb6 18. Qxb6 Bd4+ 19. Qxd4 Nxd4 20. Ne4 d5 21. Nd6+
Ke7 22. Nxf7 Rf8 23. Ng5 h6 24. Rxf8 Kxf8 25. Rf1+ Ke7 26. Nf7 Nf5 27. Nh8 g5
28. g4 Ne3 29. Rf7+ Kd6 30. Rh7 Nxg4 31. Nf7+ Kc5 32. h3 Ne3 33. Nxh6 e5 34. Rg7
Kd4 35. c3+ Kd3 36. Rxg5 e4 37. h4 Be6 38. Re5 Bg8 39. Bf1+ Kd2 40. Nf5 Nxf5 41.
Rxf5 e3 42. Re5 Rf8 43. h5 Rf4 44. h6 Rg4+ 45. Bg2 e2 46. h7 Bxh7 47. Rxd5+ Bd3
48. Re5 e1=Q+ 0-1

[Event "Tradewise Gibraltar"]
[Site "Caleta ENG"]
[Date "2015.02.05"]
[EventDate "2015.01.27"]
[Round "10.98"]
[Result "1-0"]
[White "Lali Agbabishvili"]
[Black "Franziska Beltz"]
[WhiteElo "1978"]
[BlackElo "2130"]
[PlyCount "52"]

1. c4 Nf6 2. Nc3 d5 3. e3 g6 4. Nf3 Bg7 5. Be2 O-O 6. O-O c5 7. d4 dxc4 8. Bxc4
Qa5 9. Qb3 cxd4 10. exd4 Nc6 11. d5 Nb8 12. Re1 Qd8 13. Bf4 a6 14. Qb4 Re8 15.
Rad1 b5 16. Bb3 Bg4 17. Rd3 Nc6 18. dxc6 Qxd3 19. Ne5 a5 20. Bxf7+ Kf8 21. Qb3
a4 22. Qb4 Qd6 23. Nd7+ Kxf7 24. Bxd6 exd6 25. Rf1 Bf5 26. Nxb5 1-0

[Event "Tradewise Gibraltar"]
[Site "Caleta ENG"]
[Date "2015.02.05"]
[EventDate "2015.01.27"]
[Round "10.99"]
[Result "1-0"]
[White "Mustapha Othman"]
[Black "Sigve Holleland"]
[WhiteElo "1968"]
[BlackElo "2116"]
[PlyCount "94"]

1. e4 c5 2. Nf3 d6 3. d4 cxd4 4. Nxd4 Nf6 5. Nc3 a6 6. Bg5 Nbd7 7. Bd3 e6 8. Qe2
Qb6 9. Nb3 Nc5 10. O-O-O Be7 11. f4 Nxd3+ 12. Rxd3 Bd7 13. Nd4 Bb5 14. Ndxb5
axb5 15. Rdd1 b4 16. Qb5+ Qxb5 17. Nxb5 Rxa2 18. Kb1 Ra4 19. b3 Ra5 20. Nxd6+
Bxd6 21. Rxd6 Ke7 22. Rdd1 Rha8 23. Kc1 h6 24. Bxf6+ Kxf6 25. Rhe1 Ra2 26. Rd4
Rc8 27. Re2 Ra1+ 28. Kb2 Rf1 29. g3 g5 30. e5+ Kf5 31. Rxb4 Rc7 32. fxg5 hxg5
33. g4+ Kg6 34. Rd4 b5 35. Rd8 Rc5 36. Rg8+ Kh6 37. Re3 Kh7 38. Rxg5 Kh6 39.
Rh5+ Kg7 40. Rc3 Rd5 41. Rc8 Re1 42. Rg5+ Kh7 43. Rcg8 Rc5 44. h3 b4 45. R5g7+
Kh6 46. g5+ Kh5 47. Rh7# 1-0

[Event "Tradewise Gibraltar"]
[Site "Caleta ENG"]
[Date "2015.02.05"]
[EventDate "2015.01.27"]
[Round "10.100"]
[Result "1/2-1/2"]
[White "Ian Mahoney"]
[Black "Milan Kandic"]
[WhiteElo "1838"]
[BlackElo "2101"]
[PlyCount "146"]

1. d4 d6 2. Nf3 Nf6 3. c4 Nbd7 4. Nc3 e5 5. e4 c6 6. Be2 Qc7 7. O-O Be7 8. h3 h6
9. Be3 Nf8 10. c5 exd4 11. cxd6 Bxd6 12. Nxd4 Ne6 13. Nf5 Bh2+ 14. Kh1 g6 15.
Nd4 Bf4 16. Qd2 Bxe3 17. Qxe3 Nf4 18. Bc4 g5 19. e5 N6d5 20. Nxd5 cxd5 21. Bb5+
Kf8 22. Rfc1 Qe7 23. Rc3 a6 24. Ba4 b5 25. Bb3 Bd7 26. Rac1 Ra7 27. e6 fxe6 28.
Nf5 exf5 29. Qxa7 Kf7 30. Rc7 Rd8 31. Rd1 Qd6 32. g3 Ne6 33. Rxd5 Qxc7 34. Qxc7
Nxc7 35. Rxd7+ Ke8 36. Rxc7 Rd2 37. Rc2 Rd6 38. Kg2 Ke7 39. Rc7+ Kf6 40. Ra7 Ke5
41. Kf3 h5 42. Re7+ Kf6 43. Rf7+ Kg6 44. Ra7 g4+ 45. hxg4 hxg4+ 46. Ke3 Kf6 47.
a4 bxa4 48. Bxa4 Re6+ 49. Kd3 Ke5 50. Rf7 Rd6+ 51. Kc3 Ke6 52. Bb3+ Ke5 53. Bc2
Ke6 54. Rxf5 Rc6+ 55. Kb3 Rxc2 56. Kxc2 Kxf5 57. Kd3 Ke5 58. Ke3 a5 59. f4+ gxf3
60. Kxf3 Kd4 61. Ke2 Ke4 62. Kd2 Kf3 63. Kc3 Kxg3 64. Kc4 Kf4 65. Kb5 Ke4 66.
Ka4 Ke5 67. Kxa5 Kd5 68. Kb5 Kd6 69. Kb6 Kd7 70. Kb7 Kd6 71. b4 Kd7 72. b5 Kd6
73. Kc8 Kc5 1/2-1/2

[Event "Tradewise Gibraltar"]
[Site "Caleta ENG"]
[Date "2015.02.05"]
[EventDate "2015.01.27"]
[Round "10.101"]
[Result "0-1"]
[White "Leif Bohman"]
[Black "Dietmar Gieritz"]
[WhiteElo "1803"]
[BlackElo "2048"]
[PlyCount "96"]

1. d4 Nf6 2. Nf3 g6 3. Bf4 Bg7 4. e3 O-O 5. h3 d5 6. Be2 c5 7. c3 Nc6 8. O-O a5
9. Nbd2 a4 10. Ne5 Qb6 11. b3 Rd8 12. Bd3 Nh5 13. Bh2 Nxe5 14. dxe5 Bf8 15. g4
Ng7 16. Qc2 h5 17. Be2 Be6 18. c4 Qc6 19. Rad1 axb3 20. axb3 hxg4 21. hxg4 d4
22. Ne4 b6 23. Ng5 Qd7 24. Nxe6 Nxe6 25. f4 Bh6 26. g5 Bg7 27. Qd3 Ra2 28. Bf3
Qa7 29. Bd5 dxe3 30. Qxe3 Nd4 31. Kh1 e6 32. Be4 Re2 33. Qxe2 Nxe2 34. Rxd8+ Bf8
35. Ra8 Qd7 36. Bf3 Nc3 37. Re1 Qd3 38. Bg2 Kg7 39. Raa1 b5 40. Bf1 Qf3+ 41. Bg2
Qf2 42. Bf1 b4 43. Bg2 Qb2 44. Ra8 Qxb3 45. Rb8 Qc2 46. Ra1 b3 47. Raa8 Qd1+ 48.
Bg1 Ne2 0-1

[Event "Tradewise Gibraltar"]
[Site "Caleta ENG"]
[Date "2015.02.05"]
[EventDate "2015.01.27"]
[Round "10.102"]
[Result "1-0"]
[White "Magnus Kristinsson"]
[Black "Carsten Byrn"]
[WhiteElo "1744"]
[BlackElo "2044"]
[PlyCount "70"]

1. e4 c5 2. Nf3 Nc6 3. d4 cxd4 4. Nxd4 Nf6 5. Nc3 d6 6. Nb3 g6 7. Be3 Bg7 8. f3
O-O 9. Qd2 a5 10. Bh6 a4 11. Bxg7 Kxg7 12. Nd4 Bd7 13. g4 Qa5 14. h4 Qb4 15.
O-O-O Rfc8 16. a3 Qxd4 17. Qxd4 Nxd4 18. Rxd4 Rc5 19. Be2 b5 20. Rb4 Rac8 21.
Bxb5 Bxb5 22. Rxb5 Rxc3 23. bxc3 Rxc3 24. Rf1 Rxa3 25. Kb2 Re3 26. Ra5 Nd7 27.
Rxa4 Ne5 28. Rb4 Nxf3 29. Rb3 Nd2 30. Rxe3 Nxf1 31. Re2 Ng3 32. Re1 f6 33. Kc3
Kf7 34. Kd4 Ke6 35. Ke3 1-0